New York State Teams by Logo - Statistics

General Stats
  • This quiz has been taken 24 times
    14 since last reset
  • The average score is 8 of 10
Answer Stats
Picture Answer % Correct
Brooklyn Nets
100%
New York Knicks
100%
New York Mets
100%
New York Yankees
100%
Buffalo Sabres
92%
New York Islanders
92%
New York Rangers
92%
New York Liberty
83%
New York Red Bulls
58%
New York City FC
25%
No matching quizzes found
Score Distribution
Percent of People with Each Score
Percentile by Number Answered
Your Score History
You have not taken this quiz since the last reset